Implementación de un sistema de información para el control del proceso de selección de la Taza de la Excelencia de Café para la Asociación de Café Especiales de Nicaragua
Esta propuesta de sistema informática surgió como proyecto para la Asociación de Cafés Especiales de Nicaragua ACEN, S. A, la cual se vio en la necesidad de llevar un control adecuado y a la medida del proceso de registro de muestras de café, selección, catación y análisis de resultados del...
| Main Authors: | , |
|---|---|
| Other Authors: | |
| Format: | Tesis Section = Libro |
| Language: | Undetermined Spanish |
| Published: |
Managua
UNI
2017
|
| Subjects: |
| LEADER | 01340nam a2200265Ia 4500 | ||
|---|---|---|---|
| 008 | 240830s9999 xx 000 0 und d | ||
| 040 | |a BIBLIOTECA-RUPAP Mon 005.74 R696 | ||
| 041 | |a spa | ||
| 082 | |a Mon 005.74 R696 | ||
| 100 | 1 | |a Rodríguez Largaespada, Oscar Eduardo | |
| 100 | 1 | |b Zeledón Benavides, Juan José | |
| 245 | 1 | 0 | |a Implementación de un sistema de información para el control del proceso de selección de la Taza de la Excelencia de Café para la Asociación de Café Especiales de Nicaragua |
| 260 | |a Managua |b UNI |c 2017 | ||
| 300 | |a 192 p. :il. | ||
| 500 | |a Contiene: anexos | ||
| 502 | |a Tesis (Ingeniero de Sistemas)- UNI, 2017. | ||
| 520 | 3 | |a Esta propuesta de sistema informática surgió como proyecto para la Asociación de Cafés Especiales de Nicaragua ACEN, S. A, la cual se vio en la necesidad de llevar un control adecuado y a la medida del proceso de registro de muestras de café, selección, catación y análisis de resultados del evento asegurando la seguridad y anonimato para la mayor credibilidad de este tipo de concursos. | |
| 650 | 7 | |a DESARROLLO DE SOFTWARE | |
| 650 | 7 | |b BASES DE DATOS | |
| 650 | 7 | |c LENGUAJE DE PROGRAMACION PARA COMPUTADOR | |
| 650 | 7 | |d CAFÉ-PRODUCCION | |
| 700 | 1 | |a Tutor: |b Poveda Ruiz, José Manuel | |
| 942 | |c BK |2 ddc | ||
| 991 | |a TESIS | ||
| 999 | |c 15351 | ||